Biblioteka Instytutu Północnego w Olsztynie

Widok standardowy Widok MARC

Pozycja Personal Name

Liczba rekordów, w których użyto hasła: 1

001 - Numer kontrolny

  • control field: 40805

003 - Identyfikator numeru kontrolnego

  • control field: NUKAT

005 - Data i czas ostatniej modyfikacji

  • control field: 20260428130825.0

008 - Dane kontrolne kodowane (40 znaków)

  • fixed length control field: 950309n||a|znnaabn |a aaa |c

010 ## - Numer kontrolny Biblioteki Kongresu

  • numer kontrolny LC: n 95001338

024 7# - OTHER STANDARD IDENTIFIER

  • Standard number or code: 101790505
  • Source of number or code: viaf

024 7# - OTHER STANDARD IDENTIFIER

  • Standard number or code: 0000000071599605
  • Source of number or code: isni

040 ## - Instytucja sporządzająca rekord

  • inst. przygot. dane do rek. khw: WA U/JJ
  • język haseł przedmiotowych/tezaurus: kaba
  • inst. wprow. rek. khw: WA U/JJ
  • inst. modyf. rek. khw: POZN U/MP
  • inst. modyf. rek. khw: WA U/EB
  • inst. modyf. rek. khw: WR U/hb

100 1# - Hasło - nazwa osobowa

  • nazwa osobowa w formie ujednoliconej: Popowski, Wacław Jan.

372 ## - Field of activity

  • Field: Religia.
  • Auth control #: http://nukat.edu.pl/aut/s 94205816
  • Source of term: kaba

400 1# - Trop zob. - nazwa osobowa

  • nazwa osobowa (nazwisko, imiona): Popowski, Jan Wacław.

400 1# - Trop zob. - nazwa osobowa

  • nazwa osobowa (nazwisko, imiona): Popowski, Wacław J.

400 1# - Trop zob. - nazwa osobowa

  • nazwa osobowa (nazwisko, imiona): Popowski, Wacław
  • dopowiedzenia inne niż daty biograficzne: (religia).

670 ## - Źródło informacji

  • źródło informacji: Kp. Kiedy powstałem? / Norman M. Ford. - Warszawa, 1995.
  • gdzie znaleziono informację: Tł. z jęz. ang.

670 ## - Źródło informacji

  • źródło informacji: Kp. Narodziny zachodniego chrześcijaństwa / Peter Brown. - Warszawa, 2000.
  • gdzie znaleziono informację: Tł. z jęz. ang.

670 ## - Źródło informacji

  • źródło informacji: Kp. Wprowadzenie do filozofii religii / Brian Davies. - Warszawa, 2006.
  • gdzie znaleziono informację: Tł. z jęz. ang.

670 ## - Źródło informacji

  • źródło informacji: Kp. Średniowieczne herezje / Malcolm Lambert. - Gdynia, 2017.
  • gdzie znaleziono informację: Tł. z ang. ; (Wacław Popowski)
Biblioteka Instytutu Północnego, ul. Partyzantów 87, 10-402 Olsztyn, email: biblioteka(at)ip.olsztyn.pl